| 000 | 00390nam a2200145Ia 4500 | ||
|---|---|---|---|
| 005 | 20251222144713.0 | ||
| 008 | 251222s9999||||xx |||||||||||||| ||spa|| | ||
| 020 | _a9788883115394 | ||
| 082 | _a458.24/D51 | ||
| 100 | _aDella Putta, Paolo | ||
| 245 | 0 | _aManuale di Grammatica Italiana per Stranieri: | |
| 250 | _a1ra.ed. | ||
| 264 | _bUniversità Católica del Sacro Cuore | ||
| 942 | _cLIB | ||
| 999 |
_c17891 _d17891 |
||